[Event "Thessaloniki White Tower op-C 41th"]
[Site "Thessaloniki"]
[Date "2019.01.06"]
[Round "4.35"]
[White "Koutla, Maria"]
[Black "Vellios, Anastasios"]
[Result "1-0"]
[WhiteElo "1000"]
[BlackElo "1000"]
[PlyCount "57"]
[EventDate "2019.01.02"]
[EventType "swiss"]
[EventRounds "6"]
[EventCountry "GRE"]
[SourceTitle "EXT 2024"]
[Source "ChessBase"]
[SourceDate "2023.10.10"]
[SourceVersion "1"]
[SourceVersionDate "2023.10.10"]
[SourceQuality "1"]

1. c4 e5 2. Nc3 Nc6 3. g3 Nf6 4. Bg2 Bb4 5. e3 Bxc3 6. bxc3 0-0 7. Ne2 b5 8. cxb5 d5 9. bxc6 Qd6 10. 0-0 Qxc6 11. d3 Ba6 12. c4 Qb6 13. cxd5 Bb5 14. d6 Qa6 15. Bxa8 Rxa8 16. dxc7 Bxd3 17. Re1 Rc8 18. Bb2 Rxc7 19. Bxe5 Rc6 20. Nd4 Rc5 21. Bxf6 gxf6 22. Rc1 Qc6 23. Rxc5 Qxc5 24. Qxd3 Qa5 25. Rc1 Qa3 26. Rc8+ Kg7 27. Nf5+ Kg6 28. Rg8+ Kh5 29. g4# 1-0

[Event "Thessaloniki White Tower op-C 41th"]
[Site "Thessaloniki"]
[Date "2019.01.05"]
[Round "3.34"]
[White "Vellios, Anastasios"]
[Black "Limaraki, Nikoleta"]
[Result "0-1"]
[WhiteElo "1000"]
[BlackElo "1000"]
[PlyCount "88"]
[EventDate "2019.01.02"]
[EventType "swiss"]
[EventRounds "6"]
[EventCountry "GRE"]
[SourceTitle "EXT 2024"]
[Source "ChessBase"]
[SourceDate "2023.10.10"]
[SourceVersion "1"]
[SourceVersionDate "2023.10.10"]
[SourceQuality "1"]

1. e4 e5 2. Nf3 Nc6 3. Nc3 Bb4 4. a3 Bxc3 5. dxc3 d6 6. Bb5 Bd7 7. 0-0 Nf6 8. Bxc6 Bxc6 9. Nxe5 dxe5 10. Bg5 Bxe4 11. Qxd8+ Rxd8 12. h3 Bxc2 13. Rac1 Bd3 14. Rfd1 h6 15. Be3 b6 16. Bd2 Be2 17. Re1 Rxd2 18. b4 0-0 19. b5 Re8 20. Rb1 Bd3 21. Rb4 Nh5 22. Ra4 a5 23. Re3 Bxb5 24. Rae4 Bc6 25. Rxe5 Rxe5 26. Rxe5 Rd1+ 27. Kh2 Nf4 28. Re7 Bxg2 29. Kg3 Ng6 30. Re8+ Nf8 31. Kxg2 Rd3 32. Rc8 Rxc3 33. Rd8 Rxa3 34. Rd4 c5 35. Rd6 Rb3 36. f3 a4 37. Kg3 a3 38. Kg4 a2 39. Kf5 a1Q 40. Rf6 Qxf6+ 41. Ke4 Qxf3+ 42. Ke5 Rb4 43. h4 Qf6+ 44. Kd5 Qe6# 0-1